Second five-year plan; (Record no. 78387)

MARC details
000 -LEADER
fixed length control field 00539cam a22001931 4500
001 - CONTROL NUMBER
control field sa 68002015
003 - CONTROL NUMBER IDENTIFIER
control field DLC
005 - DATE AND TIME OF LATEST TRANSACTION
control field 20260227112439.0
008 - FIXED-LENGTH DATA ELEMENTS--GENERAL INFORMATION
fixed length control field 710903s1956 ii 00000 eng
010 ## - LIBRARY OF CONGRESS CONTROL NUMBER
LC control number sa 68002015 //r84
043 ## - GEOGRAPHIC AREA CODE
Geographic area code a-ii---
050 0# - LIBRARY OF CONGRESS CALL NUMBER
Classification number HC437.H9
Item number A52
110 10 - MAIN ENTRY--CORPORATE NAME
Corporate name or jurisdiction name as entry element Hyderabad (India : State)
245 10 - TITLE STATEMENT
Title Second five-year plan;
Remainder of title broad details.
260 0# - PUBLICATION, DISTRIBUTION, ETC.
Place of publication, distribution, etc. Hyderabad-Dn.,
Name of publisher, distributor, etc. Govt. Press,
Date of publication, distribution, etc. 1956.
300 ## - PHYSICAL DESCRIPTION
Extent ii, 150 p.
Dimensions 25 cm.
500 ## - GENERAL NOTE
General note Cover title.
651 #0 - SUBJECT ADDED ENTRY--GEOGRAPHIC NAME
Geographic name Hyderabad (India : State)
General subdivision Economic policy.

No items available.

Powered by Koha